000
00414nam a22001697a 4500
003
MPLRDC
005
20220104123639.0
008
210129b ||||| |||| 00| 0 eng d
082
_a
528.93 ZBZN
100
_a
竹本正男
245
_a
女子体操竞技
_c
陈宝莲译
260
_a
_b
王家出版社
_c
300
_b
平
490
_a
王家体育教室. 39
650
_a
体操
942
_c
BK
_o
528.93 ZBZN
999
_c
13065
_d
13055